Návrh metodiky zabezpečenia personálu : Záverečná práca

Gespeichert in:
Bibliographische Detailangaben
1. Verfasser: Poláček, Michal (Verfasst von)
Weitere Verfasser: Holková, Andrea (xxx)
Format: Manuskript Buch
Sprache:Slowakisch
Veröffentlicht: Trnava : STU v Bratislave MtF KMK, 1998
Schlagworte:
Tags: Tag hinzufügen
Keine Tags, Fügen Sie das erste Tag hinzu!

MARC

LEADER 00000ntm a22000003a 4500
001 stu57243
005 20160719155203.4
008 010306s1998----xo------------------slo-d
040 |a STU  |b slo 
041 0 |a slo 
044 |a xo 
100 1 |a Poláček, Michal  |4 aut 
245 1 |a Návrh metodiky zabezpečenia personálu :  |b Záverečná práca 
260 |a Trnava :  |b STU v Bratislave MtF KMK,  |c 1998 
300 |a 35 s  |c výťah 
650 7 |a personalistika  |2 stusub 
650 7 |a podnikové hospodárstvo  |2 stusub 
700 1 |a Holková, Andrea  |4 xxx  |u M4000  |U MTF Materiálovotechnologická fakulta  |T MTF Ústav priemyselného inžinierstva a manažmentu  |U M4000  |Y 84 
996 |b 284M024043  |c M*DP-997  |l MMSKP  |s P  |a 0  |w stu57243_0001